000 01780 a2200289 4500
001 44882
005 20260407155723.0
008 260407a2007 arg spa d
003 AR-UNSa-BCEJYS
040 _aAR-UNSa-BCEJYS
_bspa
_cAR-UNSa-BCEJYS
080 _a331.101.26
_xEconomía del trabajo
245 1 0 _aEconomía Laboral
020 _a978-84-481-5649-7
250 _a7a. ed.
264 1 _aMadrid :
_bMcGraw-Hill
_c2007
300 _axviii, 598 p.
_c25 cm.
505 _a1. La economía laboral: introducción y visión panorámica – 2. La teoría de la oferta de trabajo del individuo – 3. La población, las tasas de actividad y las horas de trabajo – 4. La calidad del trabajo: la inversión en capital humano – 5. La demanda de trabajo – 6. La determinación de los salarios y la asignación del trabajo – 7. Los sistemas de remuneración y la eficiencia del trabajo – 8. La estructura salarial – 9. La movilidad, la migración y la eficiencia – 10. Los sindicatos y la negociación colectiva – 11. El Estado y el mercado de trabajo: empleo, gasto e impuestos – 12. El Estado y el mercado de trabajo: legislación y normativa - 13. La discriminación en el mercado de trabajo – 14. La búsqueda de empleo: externa e interna – 15. La distribución personal de las ganancias – 16. La productividad del trabajo: salarios, precios y empleo – 17. Empleo y paro -
041 _aspa
942 _cBK
590 _aniveau_biblio:m niveau_hierar:0
100 1 _aMcConnell, Campbell R.
700 1 _aBrue, Stanley L.
700 1 _aRabasco, María Esther
700 1 _aMacpherson, David A.
700 1 _aToharia Cortés, Luis
856 4 1 _uhttps://www.biblioeco.unsa.edu.ar/pmb/images/libros/L127013.jpg
_yImagen de portada
_qimage/jpeg
999 _c3831
_d3831